000 01074cam a22003373a 4500
001 0000755
003 DO-SdBPM
005 20250721142041.0
007 0000755
008 861112 2000 sp a 000 0 spa d
010 _a
020 _a8420449563
040 _aDO-SdBPM
_cspa
_dBPMSU
_erda
_d
082 4 _a863.6
_bB736s 2000
_222
100 1 _aBornemann, Elsa
_d1952-
_eautor
245 1 0 _a¡Socorro! :
_b(12 cuentos para caerse de miedo) /
_cElsa Bornemann
260 _b
264 _aMadrid, España :
_bSantillana ediciones generales,
_c2000.
300 _a168 páginas :
_bilustraciones,
_c20 cm.
336 _atexto
_btxt
_2rdacontent
337 _asin mediación
_bn
_2rdamedia
338 _avolumen
_bnc
_2rdacarrier
490 0 _aAlfaguara juvenil ;
_aTerror
500 _aIncluye datos biográficos del autor.
500 _aLiteratura para niños a partir de los 12 años.
521 _a
590 _aInventariado, 2025/VM
650 7 _aCuentos juveniles argentinos
910 _aVMateo V. Control de calidad. BPMSU
942 _2ddc
_cBK
999 _c11688
_d11688